00452nam a2200169 a 450000500170000000800410001702000180005805000250007610000200010124500220012125000090014326000380015230000070019044000300019750000250022765000300025220140414132121.0120906s19uu xx 00 eng d a9789814147125 aTR 372.6bAl416 2008 aAllen, Rosemary aGrammar skills 1. arev. aSingapore :bLearners Pub,c2008. a99 aEnglish Language Workshop aFirst copyright 2001 aGrammar-figure of speech.